000 00720nam a22002057a 4500
003 KOHA_MİRAKIL
005 20260331112612.0
008 260331b tu ||||| |||| 00| 0 tur d
040 _aTR-AnABB
_btur
_cTR-AnABB
041 _atur
082 _a923.5
_bAKS 2016
245 0 0 _aAksaray dağarcığı :
_bVali Abdullah Sabri Bey'in Aksaray Notları /
_chazırlayanlar: Zekai Erdal, Mustafa Fırat Gül
260 _aAksaray:
_bAksaray Üniversitesi Yayınları,
_c2016
300 _a154 sayfa ;
_c18 cm
650 0 4 _aBiyografi, devlet adamları
650 0 4 _aGezi notları, Aksaray
700 1 _aErdal, Zekai,
_ehazırlayan
_93253
700 1 _aGül, Mustafa Fırat,
_ehazırlayan
_93254
942 _2ddc
_cBK
999 _c10115
_d10115
900 _bCan ÇELIK